[Event "Hastings Masters"]
[Site "Hastings, England"]
[Date "2015.01.02"
[Round "5.11"]
[White "Liang, Jake Z"]
[WhiteElo "1953"]
[Black "Gledura, Benjamin"]
[BlackElo "2450"]
[Result "0-1"]

1. d4 {[%clk 1:40:51]} Nf6 {[%clk 1:40:52]} 2. c4 {[%clk 1:41:11]} g6
{[%clk 1:41:14]} 3. Nc3 {[%clk 1:41:14]} d5 {[%clk 1:41:30]} 4. cxd5
{[%clk 1:41:29]} Nxd5 {[%clk 1:41:53]} 5. Bd2 {[%clk 1:41:35]} Nb6
{[%clk 1:40:59]} 6. Bg5 {[%clk 1:38:57]} Bg7 {[%clk 1:40:07]} 7. e3
{[%clk 1:38:39]} O-O {[%clk 1:38:36]} 8. Nf3 {[%clk 1:38:19]} N8d7
{[%clk 1:36:38]} 9. Be2 {[%clk 1:35:05]} Nf6 {[%clk 1:36:41]} 10. O-O
{[%clk 1:33:16]} Be6 {[%clk 1:36:44]} 11. Rc1 {[%clk 1:19:24]} c6
{[%clk 1:34:28]} 12. Nd2 {[%clk 1:14:52]} a5 {[%clk 1:31:21]} 13. Nb3
{[%clk 1:06:00]} Nbd7 {[%clk 1:30:09]} 14. Bxf6 {[%clk 0:59:46]} Bxf6
{[%clk 1:24:12]} 15. f4 {[%clk 0:58:47]} Bg7 {[%clk 1:18:33]} 16. Na4
{[%clk 0:51:20]} Bd5 {[%clk 1:13:25]} 17. Bf3 {[%clk 0:45:54]} Nf6
{[%clk 1:10:23]} 18. Nbc5 {[%clk 0:42:24]} Bxf3 {[%clk 1:06:48]} 19. Qxf3
{[%clk 0:42:03]} Qc7 {[%clk 1:06:28]} 20. Nd3 {[%clk 0:40:39]} e6
{[%clk 1:05:21]} 21. Kh1 {[%clk 0:34:07]} Nd5 {[%clk 1:04:03]} 22. a3
{[%clk 0:27:51]} Rad8 {[%clk 1:03:39]} 23. Rc2 {[%clk 0:27:07]} Qe7
{[%clk 1:01:18]} 24. Qh3 {[%clk 0:20:21]} f6 {[%clk 0:56:03]} 25. Nac5
{[%clk 0:18:18]} f5 {[%clk 0:50:08]} 26. Re2 {[%clk 0:14:11]} b6 {[%clk 0:48:45]}
27. Na4 {[%clk 0:14:17]} c5 {[%clk 0:46:25]} 28. e4 {[%clk 0:11:58]} fxe4
{[%clk 0:46:04]} 29. Rxe4 {[%clk 0:11:39]} Bxd4 {[%clk 0:44:02]} 30. Rxe6
{[%clk 0:08:29]} Qd7 {[%clk 0:42:16]} 31. Nc3 {[%clk 0:03:26]} Nc7
{[%clk 0:41:43]} 32. Rxb6 {[%clk 0:00:49]} Qxh3 {[%clk 0:40:42]} 33. gxh3
{[%clk 0:01:12]} Bxc3 {[%clk 0:41:05]} 34. Rc6 {[%clk 0:00:38]} Rxd3
{[%clk 0:41:08]} 35. bxc3 {[%clk 0:00:55]} Nb5 {[%clk 0:39:42]} 36. Rxc5
{[%clk 0:00:37]} Nxa3 {[%clk 0:39:41]} 37. Ra1 {[%clk 0:00:40]} Nc2
{[%clk 0:40:03]} 38. Raxa5 {[%clk 0:00:55]} Ne3 {[%clk 0:40:12]} 39. Ra1
{[%clk 0:00:55]} Rxf4 {[%clk 0:40:27]} 40. Kg1 {[%clk 0:00:39]} Rc4
{[%clk 0:39:32]} 41. Ra8+ {[%clk 0:50:02]} Kg7 {[%clk 1:29:52]} 42. Ra7+
{[%clk 0:49:51]} Kh6 {[%clk 1:29:28]} 43. Rb5 {[%clk 0:50:00]} Rf4
{[%clk 1:29:27]} 0-1

[Event "Hastings Masters"]
[Site "Hastings, England"]
[Date "2015.01.02"
[Round "5.12"]
[White "Rodshtein, Maxim"]
[WhiteElo "2676"]
[Black "Maisuradze, Nino"]
[BlackElo "2323"]
[Result "1-0"]

1. c4 {[%clk 1:40:57]} e5 {[%clk 1:38:24]} 2. Nc3 {[%clk 1:41:20]} Nc6
{[%clk 1:37:15]} 3. Nf3 {[%clk 1:41:36]} f5 {[%clk 1:36:38]} 4. g3
{[%clk 1:41:50]} e4 {[%clk 1:35:26]} 5. Nh4 {[%clk 1:41:52]} d6 {[%clk 1:28:34]}
6. d3 {[%clk 1:39:23]} Be7 {[%clk 1:26:33]} 7. Ng2 {[%clk 1:39:29]} Nf6
{[%clk 1:26:45]} 8. dxe4 {[%clk 1:36:55]} fxe4 {[%clk 1:26:13]} 9. Ne3
{[%clk 1:30:20]} Be6 {[%clk 1:18:33]} 10. Bg2 {[%clk 1:29:09]} Ne5
{[%clk 1:16:08]} 11. Nxe4 {[%clk 1:26:50]} c6 {[%clk 1:04:42]} 12. Qc2
{[%clk 1:24:38]} Qb6 {[%clk 0:54:32]} 13. O-O {[%clk 1:23:32]} O-O
{[%clk 0:48:37]} 14. Ng5 {[%clk 1:16:39]} Bd7 {[%clk 0:47:37]} 15. Nf5
{[%clk 1:16:00]} Rae8 {[%clk 0:45:59]} 16. Nxe7+ {[%clk 1:06:00]} Rxe7
{[%clk 0:46:28]} 17. Be3 {[%clk 1:05:24]} Qb4 {[%clk 0:44:56]} 18. b3
{[%clk 1:03:20]} h6 {[%clk 0:43:46]} 19. Nf3 {[%clk 1:02:54]} Nfg4
{[%clk 0:41:18]} 20. Qd2 {[%clk 0:56:31]} Qa3 {[%clk 0:27:07]} 21. Bd4
{[%clk 0:53:44]} Nxf3+ {[%clk 0:18:45]} 22. exf3 {[%clk 0:53:38]} Nf6
{[%clk 0:14:38]} 23. Bc3 {[%clk 0:53:22]} 1-0

[Event "Hastings Masters"]
[Site "Hastings, England"]
[Date "2015.01.02"
[Round "5.13"]
[White "Vakhidov, Jahongir"]
[WhiteElo "2502"]
[Black "Flear, Christine"]
[BlackElo "2181"]
[Result "1-0"]

1. c4 {[%clk 1:33:56]} e6 {[%clk 1:40:02]} 2. Nc3 {[%clk 1:33:31]} d5
{[%clk 1:39:12]} 3. d4 {[%clk 1:33:43]} Nf6 {[%clk 1:37:17]} 4. Nf3
{[%clk 1:33:47]} Be7 {[%clk 1:36:36]} 5. Bf4 {[%clk 1:33:45]} O-O
{[%clk 1:33:04]} 6. e3 {[%clk 1:33:43]} a6 {[%clk 1:31:34]} 7. Rc1
{[%clk 1:28:02]} dxc4 {[%clk 1:24:22]} 8. Bxc4 {[%clk 1:28:10]} b5
{[%clk 1:24:46]} 9. Bb3 {[%clk 1:20:38]} Bb7 {[%clk 1:22:47]} 10. O-O
{[%clk 1:20:46]} Nbd7 {[%clk 1:10:25]} 11. d5 {[%clk 1:12:56]} exd5
{[%clk 0:35:20]} 12. Nxd5 {[%clk 1:11:52]} Nxd5 {[%clk 0:35:12]} 13. Bxd5
{[%clk 1:12:03]} Bxd5 {[%clk 0:34:22]} 14. Qxd5 {[%clk 1:11:47]} c5
{[%clk 0:31:40]} 15. Rfd1 {[%clk 1:08:57]} Ra7 {[%clk 0:30:27]} 16. b4
{[%clk 1:03:30]} Qb6 {[%clk 0:30:27]} 17. bxc5 {[%clk 1:03:30]} Nxc5
{[%clk 0:30:27]} 18. Ne5 {[%clk 1:03:30]} Rc7 {[%clk 0:16:16]} 19. Rc2
{[%clk 0:48:52]} Rcc8 {[%clk 0:13:10]} 20. Rdc1 {[%clk 0:49:02]} Rcd8
{[%clk 0:12:59]} 21. Qc6 {[%clk 0:41:04]} Qa7 {[%clk 0:13:02]} 22. Qf3
{[%clk 0:41:18]} Rc8 {[%clk 0:05:40]} 23. Nc6 {[%clk 0:37:19]} Qd7
{[%clk 0:05:20]} 24. Nxe7+ {[%clk 0:37:15]} Qxe7 {[%clk 0:05:48]} 25. Qd5
{[%clk 0:37:09]} Rfd8 {[%clk 0:05:47]} 26. Bg5 {[%clk 0:37:09]} 1-0

[Event "Hastings Masters"]
[Site "Hastings, England"]
[Date "2015.01.02"
[Round "5.14"]
[White "Rayner, Francis"]
[WhiteElo "2148"]
[Black "Flear, Glenn C"]
[BlackElo "2460"]
[Result "0-1"]

1. e4 {[%clk 1:29:34]} e5 {[%clk 1:40:23]} 2. Nf3 {[%clk 1:29:48]} Nc6
{[%clk 1:40:45]} 3. Bb5 {[%clk 1:30:07]} a6 {[%clk 1:40:56]} 4. Ba4
{[%clk 1:30:13]} Nf6 {[%clk 1:41:05]} 5. O-O {[%clk 1:30:33]} b5 {[%clk 1:37:35]}
6. Bb3 {[%clk 1:30:56]} Bb7 {[%clk 1:37:39]} 7. d3 {[%clk 1:31:02]} h6
{[%clk 1:33:21]} 8. Nc3 {[%clk 1:27:19]} g6 {[%clk 1:29:49]} 9. h3
{[%clk 1:20:59]} Bg7 {[%clk 1:28:02]} 10. Be3 {[%clk 1:17:44]} O-O
{[%clk 1:22:38]} 11. a4 {[%clk 1:13:07]} b4 {[%clk 1:20:41]} 12. Nd5
{[%clk 1:11:49]} a5 {[%clk 1:19:16]} 13. c3 {[%clk 0:54:17]} Nxd5
{[%clk 1:15:40]} 14. Bxd5 {[%clk 0:54:30]} Rb8 {[%clk 1:06:53]} 15. Qd2
{[%clk 0:51:45]} bxc3 {[%clk 0:59:17]} 16. bxc3 {[%clk 0:52:07]} Kh7
{[%clk 0:59:21]} 17. Rab1 {[%clk 0:41:41]} Ba8 {[%clk 0:42:39]} 18. Rb5
{[%clk 0:34:39]} d6 {[%clk 0:42:07]} 19. Qa2 {[%clk 0:33:08]} f5 {[%clk 0:40:36]}
20. exf5 {[%clk 0:27:37]} gxf5 {[%clk 0:40:40]} 21. Rfb1 {[%clk 0:27:27]} Rxb5
{[%clk 0:37:47]} 22. axb5 {[%clk 0:26:14]} Ne7 {[%clk 0:37:24]} 23. Bxa8
{[%clk 0:25:43]} Qxa8 {[%clk 0:37:46]} 24. b6 {[%clk 0:23:43]} cxb6
{[%clk 0:36:00]} 25. Rxb6 {[%clk 0:23:52]} e4 {[%clk 0:29:14]} 26. dxe4
{[%clk 0:22:54]} fxe4 {[%clk 0:29:25]} 27. Nd4 {[%clk 0:18:44]} Nd5
{[%clk 0:26:09]} 28. Rxd6 {[%clk 0:18:15]} Nxe3 {[%clk 0:18:07]} 29. fxe3
{[%clk 0:18:37]} a4 {[%clk 0:17:57]} 30. Rd7 {[%clk 0:16:38]} a3 {[%clk 0:10:27]}
31. Ne6 {[%clk 0:13:53]} Rg8 {[%clk 0:09:59]} 32. c4 {[%clk 0:11:55]} Qa4
{[%clk 0:08:26]} 33. Rf7 {[%clk 0:05:31]} Qd1+ {[%clk 0:06:18]} 34. Kh2
{[%clk 0:04:56]} Qd6+ {[%clk 0:04:06]} 35. Nf4 {[%clk 0:05:18]} Kh8
{[%clk 0:03:36]} 36. Qc2 {[%clk 0:03:31]} Qa6 {[%clk 0:02:22]} 37. Qa2
{[%clk 0:02:21]} Be5 {[%clk 0:01:39]} 38. c5 {[%clk 0:02:11]} Qg6
{[%clk 0:01:37]} 39. Kh1 {[%clk 0:01:51]} Qg3 {[%clk 0:01:46]} 40. Qe2
{[%clk 0:01:01]} a2 {[%clk 0:00:57]} 41. Qxa2 {[%clk 0:48:00]} Qe1+
{[%clk 0:51:04]} 42. Kh2 {[%clk 0:48:26]} Qxe3 {[%clk 0:50:51]} 0-1

[Event "Hastings Masters"]
[Site "Hastings, England"]
[Date "2015.01.02"
[Round "5.15"]
[White "Hunt, Adam C"]
[WhiteElo "2437"]
[Black "Anderson, John"]
[BlackElo "2180"]
[Result "1-0"]

1. e4 {[%clk 1:40:53]} e6 {[%clk 1:40:53]} 2. d4 {[%clk 1:40:57]} d5
{[%clk 1:41:21]} 3. Nc3 {[%clk 1:41:08]} Bb4 {[%clk 1:41:24]} 4. e5
{[%clk 1:41:11]} c5 {[%clk 1:41:42]} 5. a3 {[%clk 1:41:07]} Bxc3+
{[%clk 1:41:33]} 6. bxc3 {[%clk 1:41:25]} Ne7 {[%clk 1:42:01]} 7. h4
{[%clk 1:40:39]} Nbc6 {[%clk 1:41:03]} 8. h5 {[%clk 1:39:35]} Qa5
{[%clk 1:39:37]} 9. Bd2 {[%clk 1:39:31]} Bd7 {[%clk 1:37:43]} 10. Nf3
{[%clk 1:35:44]} h6 {[%clk 1:36:39]} 11. Rb1 {[%clk 1:31:01]} O-O-O
{[%clk 1:35:06]} 12. Rb5 {[%clk 1:24:34]} Qxa3 {[%clk 1:34:34]} 13. Qb1
{[%clk 1:20:34]} c4 {[%clk 1:34:24]} 14. Rxb7 {[%clk 1:17:51]} Qa6
{[%clk 1:33:23]} 15. Rb2 {[%clk 1:11:52]} Kc7 {[%clk 1:33:27]} 16. Ra2
{[%clk 1:09:16]} Qb6 {[%clk 1:32:16]} 17. Qa1 {[%clk 0:59:53]} Rb8
{[%clk 1:32:21]} 18. Bc1 {[%clk 0:59:43]} Qb1 {[%clk 1:18:47]} 19. Nd2
{[%clk 0:58:46]} Qxa1 {[%clk 1:19:10]} 20. Rxa1 {[%clk 0:59:15]} a5
{[%clk 1:15:27]} 21. Ba3 {[%clk 0:59:03]} Ra8 {[%clk 1:15:37]} 22. Be2 Nc8
{[%clk 1:15:37]} 23. O-O N6a7 {[%clk 1:15:37]} 24. f4 Nb5 {[%clk 1:15:37]} 25.
Bb4 a4 {[%clk 1:15:37]} 26. g4 Be8 {[%clk 1:15:37]} 27. f5 Kd8 {[%clk 1:15:37]}
28. Nb1 Ne7 {[%clk 1:15:37]} 29. Na3 Nxa3 {[%clk 1:15:37]} 30. Bxa3 Bd7
{[%clk 1:15:37]} 31. f6 gxf6 {[%clk 1:15:37]} 32. Rxf6 Ke8 {[%clk 1:15:37]} 33.
Rb1 Rh7 {[%clk 1:15:37]} 34. Kf2 Ng8 {[%clk 1:15:37]} 35. Rf4 Ne7
{[%clk 1:15:37]} 36. Ke3 Nc6 {[%clk 1:15:37]} 37. Rb6 Rb8 {[%clk 1:15:37]} 38.
Ra6 Ne7 {[%clk 1:15:37]} 39. Rf1 Ng8 {[%clk 1:15:37]} 40. Bd6 Rc8
{[%clk 1:15:37]} 41. Ra7 Rg7 {[%clk 1:15:37]} 42. Kd2 Kd8 {[%clk 1:15:37]} 43.
Rb1 f6 {[%clk 1:15:37]} 44. Rbb7 Rf7 {[%clk 1:15:37]} 45. Rxa4 fxe5
{[%clk 1:15:37]} 46. dxe5 Ne7 {[%clk 1:15:37]} 47. Ra1 Nc6 {[%clk 1:15:37]} 48.
Rg1 Rf2 {[%clk 1:15:37]} 49. g5 hxg5 {[%clk 1:15:37]} 50. Rxg5 Rh2
{[%clk 1:15:37]} 51. Rg8+ Be8 {[%clk 1:15:37]} 52. Ke3 Ra8 {[%clk 1:15:37]} 53.
Rh7 Rc8 {[%clk 1:15:37]} 54. Bg4 Rg2 {[%clk 1:15:37]} 55. Rxe8+ Kxe8
{[%clk 1:15:37]} 56. Bxe6 1-0

[Event "Hastings Masters"]
[Site "Hastings, England"]
[Date "2015.01.02"
[Round "5.16"]
[White "Sowray, Peter J"]
[WhiteElo "2365"]
[Black "Reinwald, Patrick"]
[BlackElo "2144"]
[Result "1-0"]

1. d4 d5 2. c4 c6 3. Nf3 Nf6 4. Nc3 dxc4 5. a4 Bf5 6. Ne5 Nbd7 7. Nxc4 Qc7 8. g3
e5 9. dxe5 Nxe5 10. Bf4 Nfd7 11. Bg2 g5 12. Ne3 gxf4 13. Nxf5 O-O-O 14. Qc2 Kb8
15. O-O-O fxg3 16. hxg3 Bb4 17. Rh4 Qb6 18. Ne4 Nc5 19. Ned6 Nxa4 20. Re4 Qa5 21.
Nxb7 Rxd1+ 22. Qxd1 Kxb7 23. Qd4 Bc5 24. Qxe5 Rd8 25. b4 Qb6 26. bxc5 Nxc5 27.
Nd6+ Ka8 28. Rc4 Nb3+ 29. Kc2 Na5 30. Rc3 Qxf2 31. Bf3 Qb6 32. Nc4 Nxc4 33. Rxc4
Rc8 34. Qd6 a5 35. Rxc6 Rxc6+ 36. Qxc6+ 1-0

[Event "Hastings Masters"]
[Site "Hastings, England"]
[Date "2015.01.02"
[Round "5.17"]
[White "Taylor, Adam C"]
[WhiteElo "2056"]
[Black "Jackson, James P"]
[BlackElo "2356"]
[Result "0-1"]

1. d4 {[%clk 1:40:55]} Nf6 {[%clk 1:40:56]} 2. c4 {[%clk 1:41:19]} c5
{[%clk 1:41:23]} 3. d5 {[%clk 1:41:43]} e6 {[%clk 1:41:50]} 4. Nc3
{[%clk 1:42:02]} exd5 5. cxd5 {[%clk 1:42:23]} d6 {[%clk 1:42:43]} 6. Nf3
{[%clk 1:42:46]} g6 {[%clk 1:43:08]} 7. h3 {[%clk 1:43:12]} Bg7 {[%clk 1:43:13]}
8. e4 {[%clk 1:43:35]} O-O {[%clk 1:43:26]} 9. Bd3 {[%clk 1:44:02]} Nh5
{[%clk 1:43:36]} 10. Bg5 {[%clk 1:35:23]} Bf6 {[%clk 1:44:00]} 11. Qd2
{[%clk 1:26:14]} Nd7 {[%clk 1:41:35]} 12. Be2 {[%clk 1:17:08]} Re8
{[%clk 1:23:01]} 13. O-O {[%clk 1:14:18]} a6 {[%clk 1:14:02]} 14. a4
{[%clk 1:12:39]} Ne5 {[%clk 1:14:11]} 15. Bxf6 {[%clk 1:12:28]} Nxf3+
{[%clk 1:14:36]} 16. Bxf3 {[%clk 1:12:50]} Nxf6 {[%clk 1:14:43]} 17. a5
{[%clk 1:01:36]} Rb8 {[%clk 1:02:49]} 18. Rfe1 {[%clk 0:54:00]} Nd7
{[%clk 0:59:00]} 19. Na4 {[%clk 0:48:37]} Qf6 {[%clk 0:52:40]} 20. Bg4
{[%clk 0:40:17]} b5 {[%clk 0:45:25]} 21. axb6 {[%clk 0:39:16]} Nxb6
{[%clk 0:45:50]} 22. Nxb6 {[%clk 0:38:01]} Rxb6 {[%clk 0:46:16]} 23. Bxc8
{[%clk 0:37:27]} Rxc8 {[%clk 0:38:47]} 24. Qc3 {[%clk 0:32:38]} Qd4
{[%clk 0:38:12]} 25. Qxd4 {[%clk 0:22:16]} cxd4 {[%clk 0:38:37]} 26. Ra4
{[%clk 0:22:35]} Rc2 {[%clk 0:38:16]} 27. Rxd4 {[%clk 0:22:53]} Rbxb2
{[%clk 0:38:43]} 28. Rf1 {[%clk 0:23:16]} a5 {[%clk 0:35:44]} 29. Ra4
{[%clk 0:23:20]} Rc5 {[%clk 0:35:28]} 30. Rfa1 {[%clk 0:22:23]} Rcc2
{[%clk 0:34:10]} 31. Rf1 {[%clk 0:22:44]} Rc5 {[%clk 0:31:26]} 32. Rfa1
{[%clk 0:22:40]} Rbb5 {[%clk 0:31:54]} 33. R1a3 {[%clk 0:08:18]} Kg7
{[%clk 0:32:00]} 34. Rf3 {[%clk 0:06:13]} Rb1+ {[%clk 0:23:07]} 35. Kh2
{[%clk 0:06:35]} Rb4 {[%clk 0:23:35]} 36. Rfa3 {[%clk 0:06:00]} Rbb5
{[%clk 0:15:46]} 37. Rf3 {[%clk 0:05:37]} Kf8 {[%clk 0:16:12]} 38. g4
{[%clk 0:05:05]} Ke7 {[%clk 0:15:58]} 39. Kg2 {[%clk 0:02:52]} Rb4
{[%clk 0:13:17]} 40. Rfa3 {[%clk 0:03:09]} Rxa4 {[%clk 0:12:48]} 41. Rxa4
{[%clk 0:03:15]} Kd7 {[%clk 0:00:43]} 42. Kf3 {[%clk 0:38:30]} Kc7
{[%clk 0:43:50]} 43. Kf4 {[%clk 0:38:17]} h6 {[%clk 0:44:07]} 44. h4
{[%clk 0:36:41]} Kb6 {[%clk 0:35:31]} 45. Rd4 {[%clk 0:26:11]} Rc2
{[%clk 0:30:00]} 46. e5 {[%clk 0:25:18]} Rxf2+ {[%clk 0:29:17]} 47. Ke3
{[%clk 0:24:59]} dxe5 {[%clk 0:29:25]} 48. Rc4 {[%clk 0:22:41]} Rf4
{[%clk 0:29:11]} 49. Rc6+ {[%clk 0:20:32]} Kb7 {[%clk 0:29:09]} 50. h5
{[%clk 0:20:35]} Rxg4 {[%clk 0:29:09]} 51. hxg6 {[%clk 0:19:49]} fxg6
{[%clk 0:27:37]} 52. Re6 {[%clk 0:17:29]} Kc7 {[%clk 0:27:47]} 53. Kf3
{[%clk 0:17:14]} h5 {[%clk 0:28:09]} 54. Ra6 {[%clk 0:17:18]} a4 {[%clk 0:28:26]}
55. Rc6+ {[%clk 0:17:31]} Kd7 {[%clk 0:28:52]} 56. Ra6 {[%clk 0:17:58]} g5
{[%clk 0:28:40]} 57. Rh6 {[%clk 0:18:07]} Rf4+ {[%clk 0:28:44]} 58. Ke3
{[%clk 0:18:26]} h4 {[%clk 0:26:08]} 59. Rg6 {[%clk 0:16:40]} g4 {[%clk 0:26:06]}
60. Re6 {[%clk 0:17:06]} a3 {[%clk 0:26:19]} 0-1

[Event "Hastings Masters"]
[Site "Hastings, England"]
[Date "2015.01.02"
[Round "5.18"]
[White "Wallner, Joachim"]
[WhiteElo "2340"]
[Black "Gregory, Stephen J"]
[BlackElo "2056"]
[Result "1-0"]

1. b3 f5 2. Bb2 Nf6 3. Nf3 e6 4. g3 Be7 5. Bg2 O-O 6. O-O c5 7. e3 Nc6 8. d4 cxd4
9. exd4 Qa5 10. c4 Nd8 11. Nc3 d6 12. Qd2 Kh8 13. Rfe1 Nf7 14. a3 Bd7 15. Re2 Qb6
16. b4 a5 17. b5 Qc7 18. Qd3 Rac8 19. Nd2 e5 20. Nd5 Nxd5 21. Bxd5 e4 22. Qb3 Nh6
23. f3 Bg5 24. fxe4 Bxd2 25. Rxd2 fxe4 26. b6 a4 27. Qb4 Qb8 28. Bxe4 Rce8 29.
Re1 d5 30. cxd5 Qd8 31. Rde2 Qf6 32. Bg2 Rxe2 33. Rxe2 Ng4 34. Qe7 Qf5 35. h3 Nh6
36. g4 Qb1+ 37. Re1 Qxb2 38. Qxf8+ Ng8 39. Qb4 Qc2 40. Rf1 h5 41. Qd6 Bb5 42. Rf5
hxg4 43. Rh5+ Nh6 44. Qf8+ Kh7 45. hxg4 Qd1+ 46. Kh2 Qxg4 47. Qf3 Qc8 48. Qe4+
Kh8 49. Qe5 Qc1 50. Qb8+ Kh7 51. Be4+ g6 52. Qc7+ Kg8 53. Qxc1 1-0

[Event "Hastings Masters"]
[Site "Hastings, England"]
[Date "2015.01.02"
[Round "5.19"]
[White "Britton, Richard L"]
[WhiteElo "2230"]
[Black "Hackner, Oskar A"]
[BlackElo "2145"]
[Result "0-1"]

1. e4 {[%clk 1:40:57]} e6 {[%clk 1:40:48]} 2. d4 {[%clk 1:41:02]} d5
{[%clk 1:41:09]} 3. Nc3 {[%clk 1:41:25]} Nf6 {[%clk 1:41:14]} 4. e5
{[%clk 1:41:49]} Nfd7 {[%clk 1:41:40]} 5. f4 {[%clk 1:42:14]} c5 {[%clk 1:42:03]}
6. Nf3 {[%clk 1:42:38]} Nc6 {[%clk 1:42:29]} 7. Be3 {[%clk 1:43:01]} Be7
{[%clk 1:42:54]} 8. Qd2 {[%clk 1:42:44]} O-O {[%clk 1:42:51]} 9. dxc5
{[%clk 1:32:57]} Nxc5 {[%clk 1:42:57]} 10. O-O-O {[%clk 1:18:08]} Qa5
{[%clk 1:40:57]} 11. Kb1 {[%clk 1:14:57]} Rd8 {[%clk 1:28:53]} 12. Nd4
{[%clk 1:07:02]} Qc7 {[%clk 1:23:01]} 13. Bd3 {[%clk 1:00:11]} Bd7
{[%clk 1:18:51]} 14. Qf2 {[%clk 0:54:52]} Nxd4 {[%clk 1:13:31]} 15. Bxd4
{[%clk 0:55:17]} b5 {[%clk 1:02:37]} 16. f5 {[%clk 0:20:49]} b4 {[%clk 0:59:39]}
17. f6 {[%clk 0:21:14]} bxc3 {[%clk 0:45:42]} 18. fxe7 {[%clk 0:18:40]} Rdb8
{[%clk 0:43:54]} 19. b3 {[%clk 0:17:15]} Nxd3 {[%clk 0:38:35]} 20. Rxd3
{[%clk 0:11:48]} Bb5 {[%clk 0:38:54]} 21. Rxc3 {[%clk 0:12:04]} Qxe7
{[%clk 0:39:15]} 22. Bc5 {[%clk 0:12:13]} Qc7 {[%clk 0:38:21]} 23. Rg3
{[%clk 0:07:08]} Rc8 {[%clk 0:36:11]} 24. Bd6 {[%clk 0:07:30]} Qd8
{[%clk 0:35:41]} 25. Qf4 {[%clk 0:04:38]} Kh8 {[%clk 0:26:58]} 26. Qxf7
{[%clk 0:04:19]} Qg8 {[%clk 0:27:22]} 27. Qf4 {[%clk 0:04:23]} h6
{[%clk 0:20:04]} 28. Rc1 {[%clk 0:03:30]} Qh7 {[%clk 0:15:33]} 29. Kb2
{[%clk 0:03:36]} a5 {[%clk 0:15:15]} 30. a4 {[%clk 0:03:40]} Be2 {[%clk 0:13:55]}
31. Re3 {[%clk 0:03:20]} Bh5 {[%clk 0:13:54]} 32. g4 {[%clk 0:02:40]} Bg6
{[%clk 0:14:13]} 33. c3 {[%clk 0:03:06]} Ra7 {[%clk 0:13:39]} 34. h4
{[%clk 0:03:51]} Rf7 {[%clk 0:09:16]} 35. Qg3 {[%clk 0:04:15]} Rb7
{[%clk 0:09:41]} 36. h5 {[%clk 0:03:11]} Be8 {[%clk 0:09:07]} 37. Qf4
{[%clk 0:03:22]} Rc4 38. Qf8+ Qg8 {[%clk 0:09:32]} 39. Qxg8+ {[%clk 0:03:13]}
Kxg8 {[%clk 0:09:57]} 40. Ka3 {[%clk 0:00:57]} Rxg4 {[%clk 0:10:17]} 41. Rf3
{[%clk 0:43:53]} Bf7 {[%clk 0:54:42]} 42. c4 {[%clk 0:33:59]} dxc4
{[%clk 0:54:31]} 43. bxc4 {[%clk 0:21:37]} Bxh5 {[%clk 0:54:37]} 44. c5
{[%clk 0:21:02]} Rxa4+ {[%clk 0:49:32]} 45. Kxa4 {[%clk 0:21:25]} Bxf3
{[%clk 0:49:56]} 46. c6 {[%clk 0:21:50]} Bxc6+ {[%clk 0:50:18]} 47. Rxc6
{[%clk 0:22:13]} Kf7 {[%clk 0:43:18]} 48. Kxa5 {[%clk 0:21:01]} Kg6
{[%clk 0:42:23]} 49. Ka6 {[%clk 0:20:54]} Rf7 {[%clk 0:32:17]} 50. Rc4
{[%clk 0:17:24]} h5 {[%clk 0:31:05]} 51. Kb6 {[%clk 0:16:15]} Kf5
{[%clk 0:30:54]} 52. Rc1 {[%clk 0:15:02]} g5 {[%clk 0:30:49]} 53. Rf1+
{[%clk 0:10:42]} Kg6 {[%clk 0:31:14]} 54. Rxf7 {[%clk 0:09:48]} Kxf7
{[%clk 0:31:37]} 55. Kc6 {[%clk 0:10:17]} Kg6 {[%clk 0:31:50]} 56. Bc5
{[%clk 0:10:14]} g4 {[%clk 0:28:36]} 57. Kd6 {[%clk 0:07:49]} h4 {[%clk 0:28:01]}
58. Kxe6 {[%clk 0:03:09]} h3 {[%clk 0:28:21]} 59. Kd7 {[%clk 0:03:27]} h2
{[%clk 0:28:43]} 60. e6 {[%clk 0:03:19]} h1=Q {[%clk 0:29:05]} 61. e7
{[%clk 0:03:39]} Qb7+ {[%clk 0:29:17]} 0-1

[Event "Hastings Masters"]
[Site "Hastings, England"]
[Date "2015.01.02"
[Round "5.20"]
[White "Cafferty, Bernard"]
[WhiteElo "2095"]
[Black "Bates, Richard A"]
[BlackElo "2349"]
[Result "0-1"]

1. f4 {[%clk 1:40:46]} d5 {[%clk 1:37:47]} 2. Nf3 {[%clk 1:40:46]} Bg4
{[%clk 1:36:51]} 3. e3 {[%clk 1:40:49]} Nd7 {[%clk 1:35:49]} 4. Be2
{[%clk 1:37:48]} Ngf6 {[%clk 1:30:40]} 5. d4 {[%clk 1:36:22]} e6 {[%clk 1:29:31]}
6. O-O {[%clk 1:36:10]} Be7 {[%clk 1:24:20]} 7. Nbd2 {[%clk 1:31:26]} c5
{[%clk 1:14:39]} 8. c3 {[%clk 1:29:18]} Qc7 {[%clk 1:09:11]} 9. Ne5
{[%clk 1:19:06]} Bxe2 {[%clk 1:02:56]} 10. Qxe2 {[%clk 1:18:58]} O-O
{[%clk 0:59:05]} 11. Kh1 {[%clk 1:01:23]} a6 {[%clk 0:50:54]} 12. Ndf3
{[%clk 0:53:22]} Ne4 {[%clk 0:46:00]} 13. Bd2 {[%clk 0:51:22]} Nb6
{[%clk 0:36:32]} 14. Rfc1 {[%clk 0:41:49]} f6 {[%clk 0:34:57]} 15. Nd3
{[%clk 0:41:20]} Qd7 {[%clk 0:28:54]} 16. Nf2 {[%clk 0:32:42]} Qb5
{[%clk 0:24:05]} 17. Qxb5 {[%clk 0:32:49]} Nxf2+ {[%clk 0:24:13]} 18. Kg1
{[%clk 0:33:17]} Nh3+ {[%clk 0:24:23]} 19. gxh3 {[%clk 0:33:40]} axb5
{[%clk 0:24:49]} 20. dxc5 {[%clk 0:31:18]} Nc4 {[%clk 0:21:05]} 21. b3
{[%clk 0:20:10]} Nxd2 {[%clk 0:21:04]} 22. Nxd2 {[%clk 0:20:32]} Bxc5 23. Kf2
{[%clk 0:19:54]} e5 {[%clk 0:14:29]} 24. f5 {[%clk 0:14:02]} Rfc8
{[%clk 0:12:32]} 25. Ke2 {[%clk 0:12:40]} e4 {[%clk 0:07:57]} 26. c4
{[%clk 0:09:17]} Ba3 {[%clk 0:07:37]} 27. Rc2 {[%clk 0:09:26]} bxc4
{[%clk 0:07:23]} 28. bxc4 {[%clk 0:07:41]} b5 {[%clk 0:07:34]} 29. Rb1
{[%clk 0:07:58]} bxc4 {[%clk 0:05:38]} 30. Rb5 {[%clk 0:07:55]} Rc5
{[%clk 0:04:55]} 31. Rb7 {[%clk 0:07:47]} Rca5 {[%clk 0:04:57]} 32. Nb1
{[%clk 0:07:55]} Bd6 {[%clk 0:05:10]} 33. Nc3 {[%clk 0:04:50]} Be5
{[%clk 0:04:27]} 34. Kd1 Bxc3 0-1